<?xml version="1.0" encoding="UTF-8"?>
<record
    xmlns:xsi="http://www.w3.org/2001/XMLSchema-instance"
    xsi:schemaLocation="http://www.loc.gov/MARC21/slim http://www.loc.gov/standards/marcxml/schema/MARC21slim.xsd"
    xmlns="http://www.loc.gov/MARC21/slim">

  <leader>01586nam0a2200337 i 4500</leader>
  <controlfield tag="001">RU\NLR\BIBL_A\011495325</controlfield>
  <controlfield tag="005">20240921180104.0</controlfield>
  <datafield tag="010" ind1=" " ind2=" ">
    <subfield code="a">9785906962263</subfield>
    <subfield code="9">300</subfield>
  </datafield>
  <datafield tag="021" ind1=" " ind2=" ">
    <subfield code="a">RU</subfield>
    <subfield code="b">2017-67509</subfield>
    <subfield code="9">4780</subfield>
  </datafield>
  <datafield tag="035" ind1=" " ind2=" ">
    <subfield code="a">(RuMoRGB)009387738</subfield>
  </datafield>
  <datafield tag="035" ind1=" " ind2=" ">
    <subfield code="a">(NLR Aleph) 011495325</subfield>
  </datafield>
  <datafield tag="090" ind1=" " ind2=" ">
    <subfield code="a">11968390</subfield>
    <subfield code="c">11968390</subfield>
  </datafield>
  <datafield tag="100" ind1=" " ind2=" ">
    <subfield code="a">20171012d2017    u  y0rusy50      ca</subfield>
  </datafield>
  <datafield tag="101" ind1="0" ind2=" ">
    <subfield code="a">rus</subfield>
  </datafield>
  <datafield tag="102" ind1=" " ind2=" ">
    <subfield code="a">RU</subfield>
  </datafield>
  <datafield tag="105" ind1=" " ind2=" ">
    <subfield code="a">ac||z|||000zy</subfield>
  </datafield>
  <datafield tag="200" ind1="1" ind2=" ">
    <subfield code="a">&#x410;&#x43D;&#x433;&#x435;&#x43B; &#x43F;&#x435;&#x449;&#x435;&#x440; &#x41A;&#x440;&#x44B;&#x43C;&#x430;</subfield>
    <subfield code="e">&#x440;&#x430;&#x441;&#x441;&#x43A;&#x430;&#x437;&#x44B; &#x438; &#x437;&#x430;&#x43C;&#x435;&#x442;&#x43A;&#x438;, &#x441;&#x43E;&#x431;&#x440;&#x430;&#x43D;&#x43D;&#x44B;&#x435; &#x438;&#x437; &#x440;&#x430;&#x437;&#x43D;&#x44B;&#x445; &#x430;&#x432;&#x442;&#x43E;&#x440;&#x441;&#x43A;&#x438;&#x445; &#x438;&#x437;&#x434;&#x430;&#x43D;&#x438;&#x439;</subfield>
    <subfield code="f">&#x412;&#x43B;&#x430;&#x434;&#x43B;&#x435;&#x43D; &#x410;&#x432;&#x438;&#x43D;&#x434;&#x430;</subfield>
  </datafield>
  <datafield tag="210" ind1=" " ind2=" ">
    <subfield code="a">&#x421;&#x438;&#x43C;&#x444;&#x435;&#x440;&#x43E;&#x43F;&#x43E;&#x43B;&#x44C;</subfield>
    <subfield code="c">&#x410;&#x440;&#x438;&#x430;&#x43B;</subfield>
    <subfield code="d">2017</subfield>
  </datafield>
  <datafield tag="215" ind1=" " ind2=" ">
    <subfield code="a">43 &#x441;., [2] &#x43B;. &#x438;&#x43B;., &#x446;&#x432;. &#x438;&#x43B;., &#x43F;&#x43E;&#x440;&#x442;&#x440;.</subfield>
    <subfield code="c">&#x438;&#x43B;.</subfield>
    <subfield code="d">21</subfield>
  </datafield>
  <datafield tag="300" ind1=" " ind2=" ">
    <subfield code="a">&#x41D;&#x430; 4-&#x439; &#x441;. &#x43E;&#x431;&#x43B;. &#x430;&#x432;&#x442;.: &#x413;&#x43E;&#x43D;&#x447;&#x430;&#x440;&#x43E;&#x432; &#x412;.&#x41F;. (&#x410;&#x432;&#x438;&#x43D;&#x434;&#x430;), &#x43B;&#x430;&#x443;&#x440;&#x435;&#x430;&#x442; &#x43B;&#x438;&#x442;. &#x43F;&#x440;&#x435;&#x43C;&#x438;&#x439;, &#x43C;&#x430;&#x441;&#x442;&#x435;&#x440; &#x441;&#x43F;&#x43E;&#x440;&#x442;&#x430; &#x43C;&#x435;&#x436;&#x434;&#x443;&#x43D;&#x430;&#x440;. &#x43A;&#x43B;&#x430;&#x441;&#x441;&#x430;, 10-&#x43A;&#x440;&#x430;&#x442;&#x43D;&#x44B;&#x439; &#x447;&#x435;&#x43C;&#x43F;&#x438;&#x43E;&#x43D; &#x421;&#x421;&#x421;&#x420; &#x438; &#x423;&#x421;&#x421;&#x420;, &#x437;&#x430;&#x441;&#x43B;. &#x440;&#x430;&#x431;&#x43E;&#x442;&#x43D;&#x438;&#x43A; &#x43A;&#x443;&#x43B;&#x44C;&#x442;&#x443;&#x440;&#x44B;</subfield>
  </datafield>
  <datafield tag="606" ind1="1" ind2=" ">
    <subfield code="a">&#x421;&#x43F;&#x435;&#x43B;&#x435;&#x43E;&#x442;&#x443;&#x440;&#x438;&#x437;&#x43C;</subfield>
    <subfield code="j">&#x412;&#x43E;&#x441;&#x43F;&#x43E;&#x43C;&#x438;&#x43D;&#x430;&#x43D;&#x438;&#x44F;, &#x437;&#x430;&#x43F;&#x438;&#x441;&#x43A;&#x438; &#x438; &#x442;.&#x43F;</subfield>
    <subfield code="x">&#x41C;&#x430;&#x440;&#x448;&#x440;&#x443;&#x442;&#x44B;</subfield>
    <subfield code="y">&#x41A;&#x440;&#x44B;&#x43C;</subfield>
    <subfield code="9">2342348</subfield>
    <subfield code="3">RU\NLR\AUTH\6601623446</subfield>
  </datafield>
  <datafield tag="686" ind1=" " ind2=" ">
    <subfield code="a">&#x428;5(2=&#x420;)64-646.41&#x41A;&#x440;&#x44B;&#x43C;</subfield>
    <subfield code="2">rubbk</subfield>
  </datafield>
  <datafield tag="686" ind1="1" ind2=" ">
    <subfield code="a">&#x427;518.113.9&#x441;&#x43F;&#x435;&#x43B;&#x435;&#x43E;&#x442;&#x443;&#x440;&#x438;&#x437;&#x43C;4(2&#x420;-6&#x41A;&#x440;&#x43C;)</subfield>
  </datafield>
  <datafield tag="686" ind1="1" ind2=" ">
    <subfield code="a">&#x427;518.115(2&#x420;-6&#x41A;&#x440;&#x43C;)</subfield>
  </datafield>
  <datafield tag="686" ind1="2" ind2=" ">
    <subfield code="a">&#x428;6(2=&#x420;)8-464.1</subfield>
  </datafield>
  <datafield tag="700" ind1=" " ind2="1">
    <subfield code="7">ca</subfield>
    <subfield code="8">rus</subfield>
    <subfield code="a">&#x410;&#x432;&#x438;&#x43D;&#x434;&#x430;</subfield>
    <subfield code="b">&#x412;.</subfield>
    <subfield code="g">&#x412;&#x43B;&#x430;&#x434;&#x43B;&#x435;&#x43D;</subfield>
    <subfield code="9">160795</subfield>
    <subfield code="3">RU\NLR\AUTH\770160837</subfield>
  </datafield>
  <datafield tag="942" ind1=" " ind2=" ">
    <subfield code="c">BOOK</subfield>
  </datafield>
  <datafield tag="980" ind1=" " ind2=" ">
    <subfield code="a">NBR</subfield>
  </datafield>
</record>
